Escola normal : règim intern règim intern
Descripción Física:
14 p. ; 20 cm
Materias:
Escola Normal de la Generalitat
MARC
| LEADER | 00000nam a2200000Ia 4500 | ||
|---|---|---|---|
| 001 | 9295 | ||
| 003 | BGR | ||
| 005 | 20260410113646.0 | ||
| 008 | 160829s1932 xx 000 0 cat d | ||
| 080 | |a RF-6-72 | ||
| 110 | 2 | |a Escola d'Estiu (Barcelona) |9 70297 | |
| 245 | |a Escola normal : |b règim intern | ||
| 260 | |a Barcelona : |b (Tip. Occitània), |c 1932 | ||
| 300 | |a 14 p. ; |c 20 cm | ||
| 590 | |a Abans del títol: Generalitat de Catalunya. | ||
| 610 | 2 | 0 | |a Escola Normal de la Generalitat |9 56511 |
| 710 | 1 | |a Catalunya. |b Generalitat |9 12125 | |
| 856 | 4 | |u https://media.diba.cat/diba/fitxers/arxiu/fulletons/bib_9295_1932_baixa.pdf |y Accés lliure | |
| 856 | 4 | |u https://media.diba.cat/diba/fitxers/arxiu/fulletons/bib_9295_1932_baixa.pdf |y Accés lliure | |
| 900 | |a bib_9295_1932_baixa.pdf | ||
| 901 | |a Arxiu | ||
| 942 | |n 1 |2 udc |c MON | ||
| 952 | |0 0 |1 0 |4 0 |6 RF672 |7 1 |9 45011 |a Arxiu |b Arxiu |d 2016-12-01 |l 0 |o RF-6-72 |p 9295 |r 2016-12-01 00:00:00 |w 2016-12-01 |y ARXIU | ||
| 999 | |c 47615 |d 47615 | ||